<?xml version="1.0" encoding="UTF-8"?>
<record
    xmlns:xsi="http://www.w3.org/2001/XMLSchema-instance"
    xsi:schemaLocation="http://www.loc.gov/MARC21/slim http://www.loc.gov/standards/marcxml/schema/MARC21slim.xsd"
    xmlns="http://www.loc.gov/MARC21/slim">

  <leader>00554nam a22002297a 4500</leader>
  <controlfield tag="003">UA-OsUOA</controlfield>
  <controlfield tag="001"> 39077 </controlfield>
  <controlfield tag="007">ta</controlfield>
  <controlfield tag="008">20060608b un ||||| |||| 00| 0 ukr d</controlfield>
  <datafield tag="100" ind1=" " ind2=" ">
    <subfield code="a">&#x41B;&#x438;&#x442;&#x442;&#x43B; &#x404;. &#x41F;&#x43E;&#x43B;</subfield>
  </datafield>
  <datafield tag="090" ind1=" " ind2=" ">
    <subfield code="a">234.2</subfield>
    <subfield code="b">&#x41B;64</subfield>
  </datafield>
  <datafield tag="942" ind1=" " ind2=" ">
    <subfield code="c">BK</subfield>
  </datafield>
  <datafield tag="040" ind1=" " ind2=" ">
    <subfield code="a">UA-OsUOA</subfield>
    <subfield code="b">rus</subfield>
    <subfield code="c">UA-OsUOA</subfield>
    <subfield code="d">UA-OsUOA</subfield>
  </datafield>
  <datafield tag="245" ind1=" " ind2=" ">
    <subfield code="a">&#x417;&#x43D;&#x430;&#x442;&#x44C;, &#x43F;&#x43E;&#x447;&#x435;&#x43C;&#x443; &#x432;&#x435;&#x440;&#x438;&#x448;&#x44C;</subfield>
  </datafield>
  <datafield tag="300" ind1=" " ind2=" ">
    <subfield code="a">102 &#x441;.</subfield>
  </datafield>
  <datafield tag="955" ind1=" " ind2=" ">
    <subfield code="a">2</subfield>
  </datafield>
  <datafield tag="041" ind1=" " ind2=" ">
    <subfield code="a">rus</subfield>
  </datafield>
  <datafield tag="080" ind1=" " ind2=" ">
    <subfield code="a">234.2</subfield>
  </datafield>
  <datafield tag="260" ind1=" " ind2=" ">
    <subfield code="a">&#x410;&#x432;&#x441;&#x442;&#x440;&#x438;&#x44F;</subfield>
    <subfield code="c">1991</subfield>
  </datafield>
  <datafield tag="650" ind1=" " ind2="7">
    <subfield code="a">2 &#x420;&#x435;&#x43B;&#x456;&#x433;&#x456;&#x44F;. &#x422;&#x435;&#x43E;&#x43B;&#x43E;&#x433;&#x456;&#x44F;.</subfield>
    <subfield code="2">UDC</subfield>
  </datafield>
  <datafield tag="999" ind1=" " ind2=" ">
    <subfield code="c">325220</subfield>
    <subfield code="d">325220</subfield>
  </datafield>
  <datafield tag="952" ind1=" " ind2=" ">
    <subfield code="0">0</subfield>
    <subfield code="1">0</subfield>
    <subfield code="2">udc</subfield>
    <subfield code="4">0</subfield>
    <subfield code="7">0</subfield>
    <subfield code="a">102</subfield>
    <subfield code="b">102</subfield>
    <subfield code="d">2006-06-08</subfield>
    <subfield code="e">54/2006</subfield>
    <subfield code="g">4.00</subfield>
    <subfield code="i">96729</subfield>
    <subfield code="l">0</subfield>
    <subfield code="o">234.2 &#x41B;64</subfield>
    <subfield code="p">96729</subfield>
    <subfield code="r">2023-04-07 00:00:00</subfield>
    <subfield code="w">2006-06-08</subfield>
    <subfield code="y">BK</subfield>
  </datafield>
</record>
